[Event "Rivera Huila Hernandez Memorial-B"]
[Site "Rivera Huila"]
[Date "2023.07.22"]
[Round "5"]
[White "Vargas Trujillo, Santiago"]
[Black "Valencia Lopez, Daily Vanessa"]
[Result "0-1"]
[WhiteElo "1652"]
[BlackElo "1705"]
[PlyCount "72"]
[EventDate "2023.07.20"]
[EventType "swiss"]
[EventRounds "7"]
[EventCountry "COL"]
[SourceTitle "CBM 215 Extra"]
[Source "ChessBase"]
[SourceDate "2023.09.30"]
[SourceVersion "1"]
[SourceVersionDate "2023.09.30"]
[SourceQuality "1"]

1. e4 c5 2. Nf3 d6 3. d4 cxd4 4. Nxd4 Nf6 5. Nc3 a6 6. Bg5 e6 7. f4 Be7 8. Be2 Nbd7 9. g4 Qc7 10. Qd2 b5 11. a3 Bb7 12. Bf3 Nb6 13. Bxf6 gxf6 14. 0-0-0 Rc8 15. g5 fxg5 16. Bh5 Nc4 17. Qd3 0-0 18. h4 gxf4 19. Rhg1+ Kh8 20. Qf3 Ne3 21. Bg6 fxg6 22. Rxg6 hxg6 23. h5 Nxd1 24. hxg6 Bf6 25. Nxe6 Qe7 26. Qh5+ Kg8 27. Nxd1 Bxe4 28. c3 Bf3 29. Qf5 Bxc3 30. Qh3 Be1+ 31. Nc3 Bxc3 32. bxc3 Rxc3+ 33. Kb2 Rfc8 34. g7 Rc2+ 35. Kb3 Bd5+ 36. Kb4 a5+ 0-1

[Event "Rivera Huila Hernandez Memorial-B"]
[Site "Rivera Huila"]
[Date "2023.07.21"]
[Round "2"]
[White "Vargas Trujillo, Santiago"]
[Black "Torres, Jorge Emilio"]
[Result "1-0"]
[WhiteElo "1652"]
[BlackElo "1992"]
[PlyCount "61"]
[EventDate "2023.07.20"]
[EventType "swiss"]
[EventRounds "7"]
[EventCountry "COL"]
[SourceTitle "CBM 215 Extra"]
[Source "ChessBase"]
[SourceDate "2023.09.30"]
[SourceVersion "1"]
[SourceVersionDate "2023.09.30"]
[SourceQuality "1"]

1. e4 c5 2. Nf3 e6 3. d4 cxd4 4. Nxd4 a6 5. c4 Qc7 6. Be3 Nf6 7. f3 h5 8. a3 h4 9. Nc3 Bd6 10. Qd2 Bxh2 11. Rxh2 Qxh2 12. Bf4 Qh1 13. 0-0-0 h3 14. gxh3 Nc6 15. Nxc6 Qxf3 16. Ne5 Qh5 17. Be2 Qxh3 18. Bf3 Qh7 19. c5 Qg8 20. Nc4 Kd8 21. Nd6 Rh3 22. Bg2 Rh5 23. e5 Ke7 24. exf6+ gxf6 25. Nxc8+ Qxc8 26. Qd6+ Ke8 27. Ne4 Qd8 28. Bf3 Rh3 29. Rg1 Rh8 30. Nxf6+ Qxf6 31. Bg5 1-0

[Event "Neiva Ascun Nodo op"]
[Site "Neiva"]
[Date "2023.04.01"]
[Round "4"]
[White "Vargas Trujillo, Santiago"]
[Black "Obando Gonzalez, Luis Alejandro"]
[Result "1-0"]
[WhiteElo "1600"]
[BlackElo "1225"]
[PlyCount "59"]
[EventDate "2023.03.30"]
[EventType "swiss"]
[EventRounds "6"]
[EventCountry "COL"]
[SourceTitle "CBM 213 Extra"]
[Source "ChessBase"]
[SourceDate "2023.05.31"]
[SourceVersion "1"]
[SourceVersionDate "2023.05.31"]
[SourceQuality "1"]

1. e4 c6 2. Nf3 d5 3. Nc3 Bg4 4. exd5 cxd5 5. d4 e6 6. h3 Bxf3 7. Qxf3 Nc6 8. Bb5 a6 9. Bxc6+ bxc6 10. 0-0 c5 11. Re1 Be7 12. dxc5 Nf6 13. Bg5 0-0 14. b4 Qc7 15. a3 Qc6 16. Ne2 Rfb8 17. Nd4 Qc7 18. Bf4 Qd7 19. Bxb8 Rxb8 20. Rad1 Ne4 21. c4 Nf6 22. cxd5 Nxd5 23. Nf5 Bf8 24. Ne3 Rd8 25. Nxd5 exd5 26. Rd4 Qc6 27. Red1 a5 28. Rxd5 Rxd5 29. Qxd5 Qa4 30. bxa5 1-0